00241nam a22000977a 4500003000500000038001200005082001800017245005200035260003900087300001700126NUST aTanveer a891.4393bALI aMuhabbat ko Gawah Rakna /cMuhammad Mushtaq Ali aLahorebKhazeena Elamo Adabc2002. a448p.c25cm.